Microsoft Powerpoint 2010 خطوة خطوة / (رقم التسجيلة. 14363)
[ عرض عادي ]
| 000 -الفاتح | |
|---|---|
| حقل البيانات ثابتة الطول | 01026nam a22002537a 4500 |
| 003 - محدد رقم الضبط | |
| رقم الضبط | OSt |
| 005 - وقت وتاريخ اخر تعامل مع التسجيلة | |
| رقم الضبط | 20150408113919.0 |
| 008 - عناصر البيانات ثابتة الطول - معلومات عامة | |
| حقل البيانات ثابتة الطول | 110825s2010 le ||||g k 00| 0 ara d |
| 020 ## - الرقم الدولى المعيارى للكتب | |
| الرقم الدولى المعيارى للكتاب | 995329061x |
| 040 ## - مصدر الفهرسة | |
| وكالة النسخ | mu |
| وكالة الفهرسة الأصلية | ara |
| لغة الفهرسة | mb |
| 082 ## - رقم تصنيف ديوى العشرى | |
| رقم الطبعة | 21 |
| رقم التصنيف | 005.369 |
| رقم المادة | ك ج خ |
| 100 ## - المدخل الرئيسى - إسم شخصى | |
| الإسم الشخصى | كوكس، جويس. |
| 9 (RLIN) | 3186 |
| 245 ## - بيان العنوان | |
| العنوان | Microsoft Powerpoint 2010 خطوة خطوة / |
| بيان المسئوليه,etc | تأليف جويس كوكس، جوان لامبرت ؛ اوليغ عوكي. |
| 246 ## - العنوان الموازى | |
| عنوان صحيح/عنوان مختصر | Microsoft Powerpoint 2010 |
| 250 ## - بيان الطبعة | |
| بيان الطبعة | '1 |
| 260 ## - PUBLICATION, DISTRIBUTION, ETC. (IMPRINT) | |
| مكان الناشر او الموزع | بيروت |
| اسم الناشر او الموزع | الدار العربية للعلوم |
| تاريخ النشر أو التوزيع | 2004 |
| 300 ## - الوصف المادى | |
| التعداد | 362 ص. : |
| تفاصيل ماديه اخرى للوعاء | أشكال ؛ |
| أبعاد الوعاء | 24 سم. |
| 500 ## - تبصرة عامة | |
| تبصرة عامة | الكتاب يضم ترجمة الأصل الإنجليزي Microsoft Powerpoint 2010, step by step. |
| 650 ## - المدخل الاضافى بالموضوع-مصطلح موضوعى | |
| مصطلح موضوعي أو اسم جغرافي كعنصر مدخل | مايكروسوفت بوربوينت |
| 9 (RLIN) | 3234 |
| 650 ## - المدخل الاضافى بالموضوع-مصطلح موضوعى | |
| مصطلح موضوعي أو اسم جغرافي كعنصر مدخل | العروض التقديمية |
| التقسيم الفرعي العام | برامج الحاسوب |
| 9 (RLIN) | 3235 |
| 700 ## - المدخل الاضافى - اسم شخصى | |
| الإسم الشخصى | لامبرت، جوان، |
| الدور | م. مشارك. |
| 9 (RLIN) | 3230 |
| 700 ## - المدخل الاضافى - اسم شخصى | |
| الإسم الشخصى | عوكي، اوليغ، |
| الدور | مترجم. |
| 9 (RLIN) | 3176 |
| 942 ## - عناصر المدخل الإضافي( كوها) | |
| مصدر التصنيف او مخطط الترفيف | Dewey Decimal Classification |
| Koha [default] item type | كتاب |
| حالة الفقد | نموذج السعر الفعال | حالة تلف | ليس للاعارة | رقم الطلب | تاريخ الاكتساب | الموقع الحالي | الباركود | الفرع الرئيسي | Date last seen | نوع المادة فى نظام كوها | مصدر التصنيف او خطة الترفيف | Total Checkouts |
|---|---|---|---|---|---|---|---|---|---|---|---|---|
| 2013-03-10 | 005.369 ك ج خ | 2011-09-12 | المكتبة المركزية بالمجمعة (CL) | 00042423 | المكتبة المركزية بالمجمعة (CL) | 2013-03-10 | كتاب | Dewey Decimal Classification | ||||
| 2013-03-10 | 005.369 ك ج خ | 2011-09-12 | المكتبة المركزية بالمجمعة (CL) | 00042422 | المكتبة المركزية بالمجمعة (CL) | 2013-03-10 | كتاب | Dewey Decimal Classification | ||||
| 2013-03-10 | 005.369 ك ج خ | 2011-09-12 | المكتبة المركزية بالمجمعة (CL) | 00042419 | المكتبة المركزية بالمجمعة (CL) | 2013-03-10 | كتاب | Dewey Decimal Classification | ||||
| 2013-03-10 | 005.369 ك ج خ | 2011-09-12 | المكتبة المركزية بالمجمعة (CL) | 00042418 | المكتبة المركزية بالمجمعة (CL) | 2013-03-10 | كتاب | Dewey Decimal Classification |
